[Event "Rated Blitz tournament oaoJqNwe"]
[Site "?"]
[Date "2021.07.11"]
[Round "?"]
[White "errie_009"]
[Black "Bis_Kecil_BKD"]
[Result "0-1"]
[WhiteElo "2263"]
[BlackElo "2477"]
[PlyCount "54"]
[EventDate "2021.??.??"]
[EventType "blitz"]

1. e4 e5 2. Nf3 d5 3. Nc3 dxe4 4. Nxe4 f5 5. Nc3 e4 6. Qe2 Be7 7. Ne5 Nf6 8. d3
O-O 9. dxe4 fxe4 10. Be3 Qd6 11. Nc4 Qd8 12. h3 Nc6 13. Rd1 Qe8 14. Kd2 Be6 15.
Kc1 Rd8 16. g4 Qf7 17. Nd2 Nd5 18. Nxd5 Bxd5 19. Bg2 Bxa2 20. Nxe4 Bc4 21. Qe1
Rxd1+ 22. Qxd1 Rd8 23. Qe1 Nb4 24. Qc3 Na2+ 25. Kb1 Nxc3+ 26. Nxc3 c6 27. Re1
Bb4 {Normal} 0-1

[Event "Rated Blitz tournament oaoJqNwe"]
[Site "?"]
[Date "2021.07.11"]
[Round "?"]
[White "Novita_Anjas"]
[Black "om_gendut"]
[Result "1-0"]
[WhiteElo "2400"]
[BlackElo "2445"]
[PlyCount "51"]
[EventDate "2021.??.??"]
[EventType "blitz"]

1. e4 e5 2. Nf3 d5 3. Nc3 dxe4 4. Nxe5 Nf6 5. d3 exd3 6. Bxd3 Bd6 7. Nc4 O-O 8.
O-O Nc6 9. Bg5 Be7 10. Re1 Be6 11. Ne3 h6 12. Bh4 Nd7 13. Bxe7 Qxe7 14. Ned5
Qd6 15. Bc4 Nb6 16. Nxb6 Qxd1 17. Raxd1 axb6 18. Bxe6 fxe6 19. Rxe6 Rad8 20.
Ree1 Nb4 21. Rxd8 Rxd8 22. Re7 Nxc2 23. Rxc7 Rd2 24. g3 Ne1 25. Rxb7 Nc2 26.
Rxb6 {Normal} 1-0

[Event "Rated Blitz tournament 1PKB7ZGY"]
[Site "?"]
[Date "2021.07.11"]
[Round "?"]
[White "kabasob"]
[Black "Chandra_PW"]
[Result "0-1"]
[WhiteElo "2317"]
[BlackElo "2489"]
[PlyCount "46"]
[EventDate "2021.??.??"]
[EventType "blitz"]

1. e4 e5 2. Nf3 d5 3. d4 dxe4 4. Nxe5 Nd7 5. Nxd7 Bxd7 6. c4 Nf6 7. Nc3 c5 8.
d5 Bd6 9. Be2 O-O 10. Bg5 Qe7 11. O-O Qe5 12. f4 exf3 13. Bxf6 Qxh2+ 14. Kf2
Qxg2+ 15. Ke3 fxe2 16. Nxe2 Rfe8+ 17. Kd2 Bg4 18. Re1 gxf6 19. Rg1 Rxe2+ 20.
Kc3 Qf3+ 21. Qd3 Be5+ 22. Kb3 Qxd3+ 23. Ka4 Qxc4+ {Normal} 0-1

[Event "Rated Blitz tournament 9P2CApX5"]
[Site "?"]
[Date "2021.07.11"]
[Round "?"]
[White "Arrowlimit"]
[Black "Mrkool1_2020"]
[Result "1-0"]
[WhiteElo "2514"]
[BlackElo "2258"]
[PlyCount "85"]
[EventDate "2021.??.??"]
[EventType "blitz"]

1. e4 e5 2. Nf3 d5 3. Nxe5 Bd6 4. d4 dxe4 5. Nc4 Be7 6. Nc3 Nf6 7. Bg5 Bf5 8.
Ne3 Bg6 9. h4 h6 10. Bxf6 Bxf6 11. h5 Bh7 12. Ncd5 c6 13. Nxf6+ Qxf6 14. Qg4
Qxd4 15. Qc8+ Qd8 16. Qxb7 Nd7 17. Qxc6 Rc8 18. Qa4 O-O 19. O-O-O Rc7 20. Bb5
a6 21. Bxd7 Qf6 22. Rd2 Rb8 23. c3 Rc5 24. Qd4 Qg5 25. Rh3 f6 26. Be6+ Kh8 27.
Rg3 Qxh5 28. Qd8+ Qe8 29. Qxe8+ Rxe8 30. Bf7 Rf8 31. Rd5 Rc7 32. Be6 Re8 33.
Rd6 Rce7 34. Bf5 Bg8 35. Bg6 Ra8 36. Rh3 a5 37. Rh1 Rc7 38. Rhd1 Rcc8 39. Rd7
a4 40. a3 Bb3 41. R1d4 Rab8 42. Nf5 Rg8 43. Nxh6 {Time forfeit} 1-0

[Event "Rated Blitz game"]
[Site "?"]
[Date "2021.07.11"]
[Round "?"]
[White "RED0S"]
[Black "KamranShirazi"]
[Result "1-0"]
[WhiteElo "2435"]
[BlackElo "2510"]
[PlyCount "69"]
[EventDate "2021.??.??"]
[EventType "blitz"]

1. e4 e5 2. Nf3 d5 3. exd5 e4 4. Nd4 Qxd5 5. Nb3 Bd6 6. Nc3 Qe5 7. Be2 Bf5 8.
d4 exd3 9. cxd3 Nc6 10. d4 Qe7 11. O-O O-O-O 12. Bg4 Bxg4 13. Qxg4+ f5 14.
Qxf5+ Kb8 15. Bg5 Nf6 16. Nd5 Qf7 17. Bxf6 gxf6 18. f4 Nxd4 19. Nxd4 Bc5 20.
Nc3 Bxd4+ 21. Kh1 Bxc3 22. bxc3 Rd2 23. Rad1 Rxa2 24. Rd7 Qg6 25. Qd5 Kc8 26.
Rd1 Qg8 27. Qf3 h5 28. g3 h4 29. g4 h3 30. f5 a5 31. Qf4 Rxh2+ 32. Kxh2 Qa2+
33. R1d2 Qxd2+ 34. Rxd2 Rd8 35. Rxd8+ {Normal} 1-0

[Event "Rated Blitz tournament 7td1VSLG"]
[Site "?"]
[Date "2021.07.11"]
[Round "?"]
[White "Hotprimus"]
[Black "Secret2700"]
[Result "1-0"]
[WhiteElo "2612"]
[BlackElo "2520"]
[PlyCount "101"]
[EventDate "2021.??.??"]
[EventType "blitz"]

1. e4 e5 2. Nf3 d5 3. exd5 e4 4. Qe2 Nf6 5. Nc3 Be7 6. Nxe4 O-O 7. d3 Nxd5 8.
Be3 f5 9. Nc3 Bb4 10. Qd2 Re8 11. O-O-O Nxc3 12. bxc3 Ba3+ 13. Kb1 Nc6 14. c4
Be6 15. c3 Bf7 16. Qc2 Rb8 17. d4 b5 18. cxb5 Na5 19. Qa4 Bf8 20. Qxa5 a6 21.
Ne5 Bd5 22. Ka1 axb5 23. c4 Be4 24. cxb5 Rxe5 25. Bc4+ Rd5 26. f3 Bc2 27. Rc1
Bd3 28. Bxd3 Kh8 29. Qc3 Be7 30. Qxc7 Qf8 31. Qc3 Bf6 32. Rhd1 f4 33. Bf2 Ra8
34. Bc4 Rdd8 35. Qb2 Qd6 36. b6 Rdb8 37. b7 Ra7 38. Bd5 Qd8 39. Be4 h6 40. Rc2
Rbxb7 41. Bxb7 Kh7 42. Be4+ g6 43. Rdc1 h5 44. Rc6 Kh6 45. Qb6 Qxb6 46. Rxb6
Rf7 47. Rcc6 Bxd4+ 48. Bxd4 h4 49. Rxg6+ Kh5 50. Rh6+ Kg5 51. Rbg6# {Normal}
1-0

[Event "Rated Blitz tournament jNVw3Ude"]
[Site "?"]
[Date "2021.07.11"]
[Round "?"]
[White "Kind_Wolf138"]
[Black "dr_xStranger"]
[Result "1-0"]
[WhiteElo "2384"]
[BlackElo "2543"]
[PlyCount "181"]
[EventDate "2021.??.??"]
[EventType "blitz"]

1. e4 e5 2. Nf3 d5 3. exd5 e4 4. Qe2 Nf6 5. Nc3 Be7 6. Nxe4 O-O 7. d3 Re8 8.
Qd1 Nxd5 9. Be2 Nc6 10. O-O Bf5 11. Nc3 Nxc3 12. bxc3 Bf6 13. Bd2 Qd6 14. Re1
Rad8 15. Bf1 h5 16. Qb1 Ne5 17. Nxe5 Rxe5 18. Rxe5 Bxe5 19. h3 Qg6 20. Qxb7
Bxh3 21. Re1 Bd6 22. Qf3 Bg4 23. Qe4 Qf6 24. Be2 Qh4 25. Bxg4 hxg4 26. g3 Qh5
27. Bf4 Bc5 28. d4 Bd6 29. Bxd6 Rxd6 30. Qa8+ Kh7 31. Re8 Qf5 32. Qe4 Qxe4 33.
Rxe4 f5 34. Re7 Rc6 35. Re5 Rxc3 36. Rxf5 Rxc2 37. Ra5 Rd2 38. Rxa7 Rxd4 39.
Rxc7 Rd2 40. Ra7 Kg6 41. Kf1 Kf5 42. Ke1 Rb2 43. Ra4 g6 44. a3 Kg5 45. Kf1 Kf5
46. Kg2 Ra2 47. Ra8 Ke5 48. a4 Kf5 49. a5 Kf6 50. a6 Kg5 51. a7 Ra5 52. Kf1 Ra2
53. Ke1 Ra1+ 54. Ke2 Ra6 55. Ke3 Ra3+ 56. Ke4 Ra4+ 57. Ke5 Ra5+ 58. Ke6 Ra6+
59. Kf7 Rf6+ 60. Kg7 Ra6 61. Kh7 Ra5 62. Kg7 Ra2 63. Kf7 Rxf2+ 64. Ke6 Ra2 65.
Kd5 Ra5+ 66. Kc4 Ra4+ 67. Kb3 Ra1 68. Kb2 Ra6 69. Kc3 Ra1 70. Kc4 Ra6 71. Kb5
Ra2 72. Kc6 Rb2 73. Rb8 Rc2+ 74. Kd5 Rd2+ 75. Ke4 Re2+ 76. Kd3 Ra2 77. a8=Q
Rxa8 78. Rxa8 Kf5 79. Ra5+ Kf6 80. Ke4 Ke6 81. Kf4 Kf6 82. Kxg4 Kf7 83. Rg5 Ke7
84. Kf4 Kf7 85. Ke5 Kg7 86. Ke6 Kh6 87. Kf6 Kh7 88. Rxg6 Kh8 89. Kf7 Kh7 90.
Rf6 Kh8 91. Rh6# {Normal} 1-0

[Event "Rated Blitz tournament tQuaKdKf"]
[Site "?"]
[Date "2021.07.11"]
[Round "?"]
[White "josefghng"]
[Black "EEberhart"]
[Result "0-1"]
[WhiteElo "2418"]
[BlackElo "2220"]
[PlyCount "92"]
[EventDate "2021.??.??"]
[EventType "blitz"]

1. e4 e5 2. Nf3 d5 3. Nxe5 Bd6 4. d4 dxe4 5. Bc4 Bxe5 6. dxe5 Qxd1+ 7. Kxd1 Nc6
8. Bd5 Bg4+ 9. f3 O-O-O 10. fxg4 Rxd5+ 11. Ke1 Nxe5 12. Nc3 Rd8 13. h3 Nf6 14.
Bg5 Ned7 15. Rf1 h6 16. Be3 Ne5 17. b3 Rhe8 18. Ke2 Nc6 19. Rad1 Rxd1 20. Kxd1
Nb4 21. Bxh6 Nfd5 22. Nxd5 Nxd5 23. Bc1 e3 24. Rxf7 e2+ 25. Ke1 Nb4 26. Bd2
Nxc2+ 27. Kf2 e1=Q+ 28. Bxe1 Nxe1 29. Rxg7 Nd3+ 30. Kg3 Re3+ 31. Kh2 Re2 32. h4
Ne1 33. Kg3 Rxg2+ 34. Kf4 Rxa2 35. h5 Rf2+ 36. Kg5 Nf3+ 37. Kh6 Nh4 38. g5 Nf5+
39. Kg6 Nxg7 40. Kxg7 Rh2 41. h6 Rxh6 42. gxh6 Kd7 43. h7 Kd6 44. h8=Q Kc6 45.
Qd8 Kb6 46. Qd5 c6 {Time forfeit} 0-1

[Event "Rated Blitz tournament gitvQYeL"]
[Site "?"]
[Date "2021.07.11"]
[Round "?"]
[White "klotera"]
[Black "Siebenschlaefer"]
[Result "1-0"]
[WhiteElo "2516"]
[BlackElo "2412"]
[PlyCount "99"]
[EventDate "2021.??.??"]
[EventType "blitz"]

1. e4 e5 2. Nf3 d5 3. Nxe5 Bd6 4. d4 dxe4 5. Nc4 Nf6 6. Nc3 O-O 7. Bg5 Be7 8.
Ne3 h6 9. Bh4 Re8 10. h3 Nc6 11. d5 Ne5 12. Qd4 Ng6 13. Bg3 Bd6 14. Bxd6 Qxd6
15. Rd1 a6 16. g3 Bd7 17. Bg2 Rad8 18. O-O Bc8 19. Kh2 Qe5 20. Qxe5 Rxe5 21.
Rd4 Rde8 22. Rfd1 Bd7 23. a3 h5 24. Nc4 R5e7 25. d6 cxd6 26. Nxd6 Rb8 27. Ndxe4
Nxe4 28. Bxe4 Bc6 29. Rd8+ Rxd8 30. Rxd8+ Kh7 31. Bxc6 bxc6 32. Rd6 Ne5 33. Kg2
Rb7 34. b3 Rc7 35. f4 Ng6 36. Ne4 f6 37. Nc5 a5 38. Kf3 Ne7 39. g4 hxg4+ 40.
hxg4 Nd5 41. c4 Nb6 42. f5 a4 43. Nxa4 Nxa4 44. bxa4 Ra7 45. Rxc6 Rxa4 46. Kf4
Rxa3 47. Rd6 Rc3 48. Rd4 Kh6 49. Ke4 Kg5 50. Kd5 {Normal} 1-0

[Event "Rated Blitz game"]
[Site "?"]
[Date "2021.07.11"]
[Round "?"]
[White "AlexIwanowitschL"]
[Black "FerdinandBardamu"]
[Result "0-1"]
[WhiteElo "2506"]
[BlackElo "2543"]
[PlyCount "50"]
[EventDate "2021.??.??"]
[EventType "blitz"]

1. e4 e5 2. Nf3 d5 3. Nxe5 Bd6 4. d4 Nf6 5. exd5 O-O 6. Be2 Nxd5 7. O-O c5 8.
Nc4 Nc6 9. Nxd6 Qxd6 10. c4 Nf4 11. dxc5 Nxe2+ 12. Qxe2 Qxc5 13. Be3 Qb4 14. a3
Qe7 15. Nc3 Bf5 16. Nd5 Qh4 17. Qf3 Bd3 18. Rfc1 Bxc4 19. Nf4 Ba6 20. Rc5 Rad8
21. Rh5 Qf6 22. Qe4 g6 23. Rh3 Rfe8 24. Nd5 Qxb2 25. Qb1 Qxb1+ {Normal} 0-1

[Event "Rated Blitz game"]
[Site "?"]
[Date "2021.07.11"]
[Round "?"]
[White "guess_who_I_am"]
[Black "om_gendut"]
[Result "1-0"]
[WhiteElo "2402"]
[BlackElo "2441"]
[PlyCount "169"]
[EventDate "2021.??.??"]
[EventType "blitz"]

1. e4 e5 2. Nf3 d5 3. exd5 e4 4. Nd4 Qxd5 5. Nb3 Nf6 6. Nc3 Qe5 7. Qe2 Bd6 8.
d4 exd3 9. Qxe5+ Bxe5 10. Bxd3 Nc6 11. Nb5 a6 12. Na3 b5 13. f4 Bd6 14. O-O O-O
15. Bd2 Nb4 16. Be2 Bf5 17. c3 Nd3 18. Nd4 Be4 19. Bxd3 Bxd3 20. Rfe1 Rae8 21.
h3 Ne4 22. Be3 Nf6 23. Bf2 Bxf4 24. Nc6 Bd6 25. Rad1 Be4 26. Nd4 Bd5 27. Nac2
Be4 28. Ne3 Bc5 29. Nb3 Bb6 30. Re2 Rd8 31. Red2 Rxd2 32. Nxd2 Bb7 33. Nb3 Ne4
34. Ng4 Nxf2 35. Nxf2 Re8 36. Kf1 h6 37. Nd4 Bd5 38. b3 Bb7 39. Nf5 h5 40. Nd4
Rd8 41. Rd2 c5 42. Nf3 Bxf3 43. Rxd8+ Bxd8 44. gxf3 Bf6 45. c4 Bd4 46. Ne4 Kf8
47. Nd6 b4 48. Ke2 Ke7 49. Nf5+ Kf6 50. Nxd4 cxd4 51. Kd3 Ke5 52. f4+ Kxf4 53.
Kxd4 Kf5 54. Kd5 Kf6 55. Kd6 g5 56. c5 g4 57. c6 g3 58. c7 g2 59. c8=Q g1=Q 60.
Qd8+ Kg7 61. Kc6 Qg6+ 62. Kc5 Qf6 63. Qd5 Qg6 64. Qe5+ Kh7 65. Qd5 a5 66. Kc4
Qg1 67. h4 Qg6 68. Kc5 Kg7 69. Qd6 Qg4 70. Qe5+ Kg8 71. Qc7 Qg6 72. Qc8+ Kh7
73. Qa6 Qg7 74. Qc6 Qg6 75. Kb5 Kg8 76. Qc5 Qf6 77. Kxa5 Qe7 78. Qc8+ Qe8 79.
Qc7 Kg7 80. Kxb4 Qe6 81. Qe5+ Kf8 82. Qxe6 fxe6 83. Kc5 Kf7 84. Kd4 e5+ 85. Ke4
{Time forfeit} 1-0

[Event "Rated Blitz game"]
[Site "?"]
[Date "2021.07.11"]
[Round "?"]
[White "MATALON"]
[Black "lanya_banana"]
[Result "0-1"]
[WhiteElo "2517"]
[BlackElo "2531"]
[PlyCount "86"]
[EventDate "2021.??.??"]
[EventType "blitz"]

1. e4 e5 2. Nf3 d5 3. exd5 e4 4. Qe2 Nf6 5. d3 Qxd5 6. Nfd2 Be7 7. Nxe4 O-O 8.
Nbc3 Qd8 9. Be3 Nc6 10. O-O-O Re8 11. Qd2 Nd4 12. Nxf6+ Bxf6 13. Ne4 Be7 14. c3
Nf5 15. Bf4 Be6 16. Kb1 Qd5 17. c4 Qc6 18. g4 Nd4 19. Bg2 Qb6 20. h3 Rad8 21.
Rhe1 a5 22. Be3 a4 23. Bxd4 Rxd4 24. f4 Red8 25. Qc2 Bb4 26. Rf1 f5 27. Ng5 Bc8
28. Bd5+ R4xd5 29. cxd5 h6 30. Ne6 Bxe6 31. dxe6 Qxe6 32. gxf5 Qxf5 33. Rfe1 c5
34. Re4 b6 35. Qc4+ Kh8 36. Rde1 Kh7 37. Re8 Rxe8 38. Rxe8 Qxh3 39. Qg8+ Kg6
40. Re6+ Kh5 41. Qf7+ Kg4 42. Qxg7+ Kf3 43. Qb7+ Kf2 {Time forfeit} 0-1

[Event "Rated Blitz game"]
[Site "?"]
[Date "2021.07.11"]
[Round "?"]
[White "Abbasgholizadeh"]
[Black "Rusert"]
[Result "1-0"]
[WhiteElo "2348"]
[BlackElo "2528"]
[PlyCount "59"]
[EventDate "2021.??.??"]
[EventType "blitz"]

1. e4 e5 2. Nf3 d5 3. Nxe5 Bd6 4. d4 dxe4 5. Bc4 Bxe5 6. Qh5 Qxd4 7. Qxf7+ Kd8
8. O-O Qd7 9. Qf8+ Qe8 10. Bg5+ Bf6 11. Rd1+ Nd7 12. Qxg7 Qe7 13. Bxf6 Qxf6 14.
Qg4 Qg6 15. Qh4+ Ngf6 16. Nc3 c6 17. Rd6 b5 18. Be6 Kc7 19. Rad1 Ne8 20. Rxd7+
Bxd7 21. Rxd7+ Kb6 22. Bf7 Qf6 23. Qxe4 Nd6 24. Qe3+ Ka6 25. a4 Nxf7 26. axb5+
cxb5 27. Nxb5 Kxb5 28. Qb3+ Kc6 29. Qd5+ Kb6 30. Rb7+ {Normal} 1-0

[Event "Rated Blitz game"]
[Site "?"]
[Date "2021.07.11"]
[Round "?"]
[White "rfwkkk"]
[Black "Fantastic_power06"]
[Result "1-0"]
[WhiteElo "2755"]
[BlackElo "2670"]
[PlyCount "35"]
[EventDate "2021.??.??"]
[EventType "blitz"]

1. e4 e5 2. Nf3 d5 3. exd5 e4 4. Qe2 Nf6 5. d3 Qxd5 6. Nfd2 Nc6 7. dxe4 Qc5 8.
c3 Be6 9. Nb3 Qe5 10. N1d2 O-O-O 11. Qb5 Be7 12. Qxe5 Nxe5 13. f3 Nd3+ 14. Bxd3
Rxd3 15. Nd4 Nd7 16. Ke2 Ne5 17. Nxe6 fxe6 18. Nc4 {Normal} 1-0

[Event "Rated Blitz game"]
[Site "?"]
[Date "2021.07.11"]
[Round "?"]
[White "Orlando_Gloom"]
[Black "Fantastic_power06"]
[Result "1-0"]
[WhiteElo "2742"]
[BlackElo "2679"]
[PlyCount "121"]
[EventDate "2021.??.??"]
[EventType "blitz"]

1. e4 e5 2. Nf3 d5 3. d3 dxe4 4. dxe4 Qxd1+ 5. Kxd1 Bg4 6. Be3 Nd7 7. Nbd2
O-O-O 8. Be2 f6 9. c3 Bc5 10. Bxc5 Nxc5 11. Kc2 Ne7 12. Rhe1 Bh5 13. Nh4 Bxe2
14. Rxe2 Ne6 15. g3 c6 16. Nc4 Kc7 17. a4 b6 18. b4 Rd7 19. Rd2 Rhd8 20. Rxd7+
Rxd7 21. a5 Nc8 22. axb6+ axb6 23. Nf5 g6 24. Nfe3 Kb7 25. Ng4 Rf7 26. Rd1 h5
27. Nge3 b5 28. Na5+ Kc7 29. Nb3 Nd6 30. f3 f5 31. exf5 gxf5 32. Ra1 Kb7 33.
Rd1 Kc7 34. Ra1 Kb7 35. Rd1 Nc8 36. Nc5+ Nxc5 37. bxc5 Kc7 38. f4 exf4 39. gxf4
Ne7 40. Rd6 Rg7 41. Re6 Kd7 42. Rd6+ Kc7 43. Rh6 Rg1 44. Rxh5 Re1 45. Kd2 Ra1
46. Rh7 Kd8 47. h4 Ke8 48. h5 Kf8 49. h6 Rh1 50. Rh8+ Kf7 51. h7 Rh2+ 52. Kd3
Ng6 53. Rc8 Nxf4+ 54. Kd4 Rxh7 55. Rxc6 Ne6+ 56. Ke5 Ng7 57. Rc7+ Kg6 58. Nxf5
Nxf5 59. Rxh7 Kxh7 60. Kxf5 b4 61. cxb4 {Normal} 1-0

[Event "Rated Blitz tournament oaoJqNwe"]
[Site "?"]
[Date "2021.07.11"]
[Round "?"]
[White "AF_BKD"]
[Black "om_gendut"]
[Result "0-1"]
[WhiteElo "2363"]
[BlackElo "2431"]
[PlyCount "46"]
[EventDate "2021.??.??"]
[EventType "blitz"]

1. e4 e5 2. Nf3 d5 3. exd5 e4 4. Qe2 Be7 5. Qxe4 Nf6 6. Qe2 O-O 7. d3 Re8 8.
Be3 Nxd5 9. Nc3 Bb4 10. O-O-O Bxc3 11. bxc3 Nxc3 12. Qd2 Nxd1 13. Qxd1 Qf6 14.
Bd4 Qa6 15. Kb1 Nc6 16. Bb2 Be6 17. a3 Qb6 18. d4 Bd5 19. Bd3 Rad8 20. Ng5 h6
21. Nh3 Bxg2 22. Rg1 Bxh3 23. d5 Ne5 {Normal} 0-1

[Event "Rated Blitz tournament c3Bw0WVG"]
[Site "?"]
[Date "2021.07.11"]
[Round "?"]
[White "subtleperson"]
[Black "Lur15"]
[Result "1/2-1/2"]
[WhiteElo "2454"]
[BlackElo "2361"]
[PlyCount "95"]
[EventDate "2021.??.??"]
[EventType "blitz"]

1. e4 e5 2. Nf3 d5 3. Nxe5 Bd6 4. d4 dxe4 5. Nc3 Bxe5 6. dxe5 Qxd1+ 7. Kxd1 Nc6
8. Bb5 Bd7 9. Bf4 O-O-O 10. Bxc6 Bxc6+ 11. Ke2 Ne7 12. Bg5 Rhe8 13. Rad1 Rxd1
14. Rxd1 h6 15. Bf4 Ng6 16. Bg3 Nxe5 17. Bxe5 Rxe5 18. Ke3 f5 19. g3 g5 20. b4
b6 21. a4 Re8 22. b5 Bb7 23. Ne2 Rf8 24. c4 a6 25. h4 axb5 26. axb5 c6 27. hxg5
hxg5 28. Rd6 Kc7 29. Rg6 cxb5 30. cxb5 Rd8 31. Rg7+ Rd7 32. Rxd7+ Kxd7 33. Nd4
f4+ 34. gxf4 gxf4+ 35. Kxf4 Kd6 36. Ke3 Kc5 37. Nf5 Bd5 38. Ne7 Ba8 39. Nf5
Kxb5 40. Nd6+ Ka4 41. Nxe4 Bxe4 42. Kxe4 b5 43. Kd3 Ka3 44. Kc2 Ka2 45. Kc3 Ka3
46. Kc2 Ka2 47. Kc3 Ka3 48. Kc2 {Normal} 1/2-1/2

[Event "Rated Blitz game"]
[Site "?"]
[Date "2021.07.11"]
[Round "?"]
[White "GuruChessAcademy"]
[Black "FourNinetySix"]
[Result "1-0"]
[WhiteElo "2487"]
[BlackElo "2519"]
[PlyCount "43"]
[EventDate "2021.??.??"]
[EventType "blitz"]

1. e4 e5 2. Nf3 d5 3. Nxe5 Bd6 4. d4 dxe4 5. Bf4 Nf6 6. Nc3 O-O 7. Bc4 Nbd7 8.
O-O Nb6 9. Bb3 Qe7 10. Qe2 Bf5 11. f3 exf3 12. Qxf3 Be6 13. Rae1 Bxb3 14. axb3
c6 15. Nc4 Nxc4 16. Rxe7 Bxe7 17. bxc4 Rfd8 18. Be5 Rd7 19. Ne4 Rad8 20. Bxf6
gxf6 21. Nxf6+ Bxf6 22. Qxf6 {Normal} 1-0

[Event "Rated Blitz game"]
[Site "?"]
[Date "2021.07.11"]
[Round "?"]
[White "koromarbel"]
[Black "lanya_banana"]
[Result "1-0"]
[WhiteElo "2482"]
[BlackElo "2530"]
[PlyCount "97"]
[EventDate "2021.??.??"]
[EventType "blitz"]

1. e4 e5 2. Nf3 d5 3. exd5 e4 4. Nd4 Qxd5 5. Ne2 Nf6 6. Nbc3 Qd8 7. Ng3 Nc6 8.
Bb5 Bd7 9. O-O Be7 10. Ngxe4 O-O 11. d4 Nxe4 12. Nxe4 Bf5 13. Bxc6 bxc6 14. Ng3
Bg6 15. Be3 Rb8 16. b3 a5 17. c3 a4 18. b4 Qd5 19. Qxa4 Bd3 20. Rfe1 Ra8 21.
Qd1 Bb5 22. a4 Bc4 23. a5 Bd6 24. Qg4 g6 25. Bh6 f5 26. Qg5 Rf7 27. Nf1 f4 28.
Qxd5 Bxd5 29. Nd2 Rf5 30. g3 Rh5 31. Bxf4 Bxf4 32. gxf4 Rf5 33. c4 Bf7 34. Re4
Rf8 35. a6 Ra8 36. a7 Kf8 37. Kg2 Be8 38. Kg3 Bd7 39. Re5 Rf6 40. Rea5 h5 41.
Ne4 Rf7 42. Nc5 Bf5 43. Re1 Kg7 44. Ne6+ Kf6 45. Ng5 Rd7 46. d5 cxd5 47. cxd5
Rd6 48. Rc1 h4+ 49. Kxh4 {Normal} 1-0

[Event "Rated Blitz tournament y9vRywUB"]
[Site "?"]
[Date "2021.07.11"]
[Round "?"]
[White "Ricardo_Anton"]
[Black "CaroyinixDiscomix"]
[Result "0-1"]
[WhiteElo "2264"]
[BlackElo "2419"]
[PlyCount "46"]
[EventDate "2021.??.??"]
[EventType "blitz"]

1. e4 e5 2. Nf3 d5 3. Nc3 dxe4 4. Nxe4 Nf6 5. Nxf6+ Qxf6 6. d3 Nc6 7. Be2 Bc5
8. Be3 Bb6 9. h4 h6 10. Qd2 Bg4 11. O-O-O O-O-O 12. Qc3 Kb8 13. Bxb6 axb6 14.
Rhe1 Rhe8 15. Nd2 Bf5 16. g4 Be6 17. Ne4 Qxh4 18. Kb1 Nd4 19. Qb4 Nxe2 20. Rxe2
Bxg4 21. Rde1 Bxe2 22. Rxe2 f5 23. Ng3 Qxb4 {Normal} 0-1

[Event "Rated Blitz tournament gitvQYeL"]
[Site "?"]
[Date "2021.07.11"]
[Round "?"]
[White "Alexander58"]
[Black "Siebenschlaefer"]
[Result "0-1"]
[WhiteElo "2218"]
[BlackElo "2400"]
[PlyCount "58"]
[EventDate "2021.??.??"]
[EventType "blitz"]

1. e4 e5 2. Nf3 d5 3. Nxe5 Bd6 4. d4 dxe4 5. Nc3 Bxe5 6. dxe5 Qxd1+ 7. Nxd1 Nc6
8. Bf4 Nge7 9. Nc3 Ng6 10. Bg3 Ngxe5 11. Nxe4 Bf5 12. f3 Bxe4 13. fxe4 O-O-O
14. Bb5 f6 15. Ke2 a6 16. Bxc6 Nxc6 17. c3 Rhe8 18. Kf3 Rd3+ 19. Ke2 Rd7 20.
Kf3 Rde7 21. Rhe1 Nd8 22. Re3 Ne6 23. h4 Nc5 24. Rae1 g6 25. e5 f5 26. Bf4 Ne6
27. Bg5 Rd7 28. g4 Rf8 29. Kg3 f4+ {Normal} 0-1

[Event "Rated Blitz tournament B0bOsGp1"]
[Site "?"]
[Date "2021.07.10"]
[Round "?"]
[White "rendiwes76"]
[Black "Bis_Kecil_BKD"]
[Result "0-1"]
[WhiteElo "2238"]
[BlackElo "2449"]
[PlyCount "60"]
[EventDate "2021.??.??"]
[EventType "blitz"]

1. e4 e5 2. Nf3 d5 3. Nxe5 dxe4 4. d4 Nd7 5. Nxd7 Bxd7 6. c4 Nf6 7. Nc3 c5 8.
d5 Bd6 9. Be3 Ng4 10. Qd2 Nxe3 11. Qxe3 f5 12. f4 O-O 13. g3 a6 14. a4 Qb6 15.
Qe2 g5 16. fxg5 f4 17. gxf4 Bxf4 18. Bg2 Bxg5 19. Bxe4 Bh4+ 20. Kd1 Rf4 21. Kc2
Kh8 22. Bxh7 Rf2 23. Bd3 Rxe2+ 24. Nxe2 Bf6 25. b3 Qb4 26. Rhf1 Bxa1 27. Rxa1
Re8 28. Rf1 b5 29. Rf7 bxc4 30. bxc4 Bxa4+ {Normal} 0-1

[Event "Rated Blitz tournament Tj4qPnse"]
[Site "?"]
[Date "2021.07.10"]
[Round "?"]
[White "schpringer"]
[Black "batasjon"]
[Result "1/2-1/2"]
[WhiteElo "2357"]
[BlackElo "2435"]
[PlyCount "111"]
[EventDate "2021.??.??"]
[EventType "blitz"]

1. e4 e5 2. Nf3 d5 3. Nxe5 Bd6 4. d4 dxe4 5. Nc4 Nf6 6. Nxd6+ Qxd6 7. Nc3 O-O
8. Bg5 Nc6 9. Bxf6 Qxf6 10. Bb5 Nxd4 11. O-O Bf5 12. Nd5 Qe5 13. Bc4 c5 14. c3
Nc6 15. Qe2 Rad8 16. Ne3 Be6 17. Rfd1 f5 18. Bxe6+ Qxe6 19. Qc4 Qxc4 20. Nxc4
b6 21. Nd6 Ne5 22. b3 Rf6 23. Nb7 Rd3 24. Rxd3 Nxd3 25. Kf1 Kf8 26. a4 Ke7 27.
a5 b5 28. b4 cxb4 29. cxb4 Nxb4 30. Rb1 Nd3 31. Rxb5 Rc6 32. g4 f4 33. Kg2 Rc2
34. a6 Rxf2+ 35. Kh3 Rf3+ 36. Kh4 Nf2 37. Nc5 h6 38. Kh5 Kf6 39. Nd7+ Ke7 40.
Rb7 Rh3+ 41. Kg6 Nxg4 42. Ne5+ Ke6 43. Nxg4 f3 44. Nf2 Rxh2 45. Rxa7 Rxf2 46.
Ra8 Rg2+ 47. Kh7 Ra2 48. a7 Kf7 49. Re8 Kxe8 50. Kxg7 Rxa7+ 51. Kg6 f2 52. Kf5
f1=Q+ 53. Ke5 e3 54. Kd6 e2 55. Ke5 e1=Q+ 56. Kd5 {Time forfeit} 1/2-1/2

[Event "Rated Blitz game"]
[Site "?"]
[Date "2021.07.10"]
[Round "?"]
[White "Badouuu"]
[Black "annaly1979"]
[Result "1-0"]
[WhiteElo "2279"]
[BlackElo "2410"]
[PlyCount "29"]
[EventDate "2021.??.??"]
[EventType "blitz"]

1. e4 e5 2. Nf3 d5 3. exd5 e4 4. Ne5 Bd6 5. d4 Nf6 6. Nc3 b6 7. Bg5 Bf5 8. Bb5+
c6 9. dxc6 O-O 10. O-O a6 11. Ba4 b5 12. Bb3 b4 13. Nd5 Bxe5 14. dxe5 Nxd5 15.
Bxd8 {Normal} 1-0

[Event "Rated Blitz game"]
[Site "?"]
[Date "2021.07.10"]
[Round "?"]
[White "Faighter"]
[Black "KamranShirazi"]
[Result "0-1"]
[WhiteElo "2414"]
[BlackElo "2472"]
[PlyCount "70"]
[EventDate "2021.??.??"]
[EventType "blitz"]

1. e4 e5 2. Nf3 d5 3. exd5 e4 4. Ne5 Qxd5 5. d4 exd3 6. Nxd3 Bd6 7. Nc3 Qf5 8.
Be2 Nc6 9. O-O Nd4 10. Re1 Nxe2+ 11. Qxe2+ Be6 12. Ne4 O-O-O 13. Nxd6+ Rxd6 14.
Be3 Bc4 15. Rad1 Nf6 16. b3 Bxd3 17. Rxd3 Rxd3 18. Qxd3 Qxd3 19. cxd3 Rd8 20.
d4 Nd5 21. Rc1 b6 22. Kf1 Kd7 23. Ke2 Re8 24. Kd3 Nb4+ 25. Kc4 a5 26. a3 Nc6
27. b4 axb4 28. axb4 Ra8 29. f4 Ra3 30. Rc3 b5+ 31. Kd3 Nxb4+ 32. Kd2 Rxc3 33.
Kxc3 Nd5+ 34. Kd3 Nxe3 35. Kxe3 Kd6 {Normal} 0-1

[Event "Rated Rapid game"]
[Site "?"]
[Date "2021.07.10"]
[Round "?"]
[White "ShpylykRuslan"]
[Black "Gmelhor"]
[Result "1-0"]
[WhiteElo "2364"]
[BlackElo "2594"]
[PlyCount "71"]
[EventDate "2021.??.??"]
[EventType "rapid"]

1. e4 e5 2. Nf3 d5 3. exd5 e4 4. Nd4 Qxd5 5. Nb3 Nf6 6. Nc3 Qe5 7. Bc4 Nc6 8.
Qe2 Bf5 9. d3 O-O-O 10. dxe4 Bg4 11. f3 Bh5 12. O-O Bd6 13. g3 g5 14. Be3 Bg6
15. Qf2 a6 16. Nd4 Na5 17. Bb3 h5 18. Nd5 h4 19. Nxf6 hxg3 20. Qxg3 Qxf6 21.
Qxg5 Bxh2+ 22. Kf2 Qd6 23. Qxa5 Bg3+ 24. Ke2 Rh2+ 25. Kd1 c5 26. Bd5 cxd4 27.
Bxd4 Kb8 28. Qb6 Qxb6 29. Bxb6 Rc8 30. Bb3 Rc6 31. Be3 f5 32. Bd5 Rcxc2 33. Rg1
Bf2 34. Bf4+ Ka7 35. Bxh2 Bxg1 36. Bxg1+ {Normal} 1-0

[Event "Rated Blitz game"]
[Site "?"]
[Date "2021.07.10"]
[Round "?"]
[White "michael_unruly"]
[Black "blastol"]
[Result "0-1"]
[WhiteElo "2317"]
[BlackElo "2454"]
[PlyCount "39"]
[EventDate "2021.??.??"]
[EventType "blitz"]

1. e4 e5 2. Nf3 d5 3. exd5 Bd6 4. Nc3 Nf6 5. Bc4 e4 6. Qe2 Qe7 7. Nd4 O-O 8.
O-O Qe5 9. Nf3 exf3 10. Qxe5 Bxe5 11. gxf3 Nbd7 12. d3 Nb6 13. Bb3 a5 14. a4
Bxc3 15. bxc3 Nbxd5 16. c4 Nb4 17. Ba3 c5 18. Rad1 Bf5 19. Bb2 Rad8 20. Rd2 {
Normal} 0-1